| 000 | 00794nam a2200229 i 4500 | ||
|---|---|---|---|
| 001 | 129259 | ||
| 003 | ES-MaACL | ||
| 005 | 20230906193452.0 | ||
| 007 | t| | ||
| 008 | 070611s1978 sp ||||1| spa d | ||
| 080 | _a001.5 | ||
| 245 | 0 | 0 |
_aTendencias en la teoría general de sistemas / _cL. von Bertalanffy, W. Ross Ashby, G.M. Weinberg y otros ; selección y prólogo de George J. Klir ; versión de Alvaro Delgado y Andrés Ortega. |
| 260 |
_aMadrid : _bAlianza, _c1978. |
||
| 300 |
_a323 p. : _bil. ; _c20 cm. |
||
| 490 | 1 | _aAlianza universidad | |
| 650 |
_aTeoría de sistemas. _9172518 |
||
| 700 | 1 |
_aKlir, George J. _968282 |
|
| 700 | 1 |
_aBertalanffy, Ludwig von. _928419 |
|
| 830 | 0 |
_aAlianza universidad _9177276 |
|
| 852 |
_aES-MaACL _jA-8702 _bR.97814 |
||
| 999 |
_c129259 _d129259 |
||